Обзоры по информационному обеспечению общесоюзных научно-педагогических программ. 1979, Вып.5(10): Комплексный подход в воспитании (Запись № 3214208)

Подробности
000 -МАРКЕР
контрольное поле 01419nam2a22002531 4500
001 - ИДЕНТИФИКАТОР ЗАПИСИ
контрольное поле RU\NLR\INFOCOMM20\1000018834
005 - ИДЕНТИФИКАТОР ВЕРСИИ
контрольное поле 20250617112806.0
035 ## - ДРУГИЕ СИСТЕМНЫЕ НОМЕРА
Идентификатор записи (NLR Aleph) 002573891
100 ## - ДАННЫЕ ОБЩЕЙ ОБРАБОТКИ
Данные общей обработки 20040611d1979 |||y0rusy50 ca
101 0# - ЯЗЫК РЕСУРСА
Язык текста, звукозаписи и т.д. русский
102 ## - СТРАНА ПУБЛИКАЦИИ ИЛИ ПРОИЗВОДСТВА
Страна публикации российская федерация
105 ## - ПОЛЕ КОДИРОВАННЫХ ДАННЫХ: ТЕКСТОВЫЕ МАТЕРИАЛЫ, МОНОГРАФИЧЕСКИЕ
Кодированные данные о монографическом текстовом документе y |||||||||
200 1# - ЗАГЛАВИЕ И СВЕДЕНИЯ ОБ ОТВЕТСТВЕННОСТИ
Основное заглавие Комплексный подход в воспитании
Первые сведения об ответственности А.Т. Куракин
210 ## - ПУБЛИКАЦИЯ, РАСПРОСТРАНЕНИЕ И ДР.
Дата издания, распространения и т.д. 1979
Место издания, распространения и т.д. Б. м.
461 #0 - УРОВЕНЬ НАБОРА
Встроенное поле 001RU\NLR\INFOCOMM20\1000018829
-- 2001#$aОбзоры по информационному обеспечению общесоюзных научно-педагогических программ$eОбзор. информ.$fАПН СССР, НИИ общ. педагогики АПН СССР. Центр науч. информ. "Шк. и педагогика"$v1979, Вып.5(10)
Системный номер (АБИС) связанной записи 3214166
Место публикации М.
Дата публикации 1979-
Первые сведения об ответственности АПН СССР, НИИ общ. педагогики АПН СССР. Центр науч. информ. "Шк. и педагогика"
Сведения, относящиеся к заглавию Обзор. информ.
Заглавие Обзоры по информационному обеспечению общесоюзных научно-педагогических программ
ISSN 0233-6928
Номер тома 1979, Вып.5(10)
700 #1 - ИМЯ ЛИЦА - ПЕРВИЧНАЯ ОТВЕТСТВЕННОСТЬ
Начальный элемент ввода Куракин
Часть имени, кроме начального элемента ввода А.Т.
Код отношения Автор
801 #1 - ИСТОЧНИК ЗАПИСИ
Страна российская федерация
Организация InfoComm
Дата составления 20040611
801 #0 - ИСТОЧНИК ЗАПИСИ
Страна российская федерация
Организация NLR
Правила каталогизации PSBO
852 ## - МЕСТОНАХОЖДЕНИЕ И ШИФР ХРАНЕНИЯ
Идентификатор организации NLR
Шифр хранения (Call Number) П28/1384
942 ## - ДОПОЛНИТЕЛЬНЫЕ ЭЛЕМЕНТЫ ЗАПИСИ (АБИС)
Тип экземпляра АБИС Выпуск
980 ## - КОЛЛЕКЦИЯ
Название коллекции Национальная библиография
980 ## - КОЛЛЕКЦИЯ
Название коллекции Русская периодика

Нет доступных экземпляров.